Entrenese a discutir : (Record no. 87644)

MARC details
000 -CABECERA
campo de control de longitud fija 00715nam a22002413a 4500
005 - FECHA Y HORA DE LA ÚLTIMA TRANSACCIÓN
campo de control 20220924063639.0
008 - ELEMENTOS DE LONGITUD FIJA--INFORMACIÓN GENERAL
campo de control de longitud fija 011105s1987 mx fr 000 0 spa d
020 ## - NÚMERO INTERNACIONAL NORMALIZADO PARA LIBROS
Número Internacional Estándar del Libro 842711.0049
035 ## - NÚMERO DE CONTROL DEL SISTEMA
Número de control de sistema UPN01000113736
049 ## - COLECCIÓN
Colección CG
050 #4 - SIGNATURA TOPOGRÁFICA DE LA BIBLIOTECA DEL CONGRESO
Número de clasificación LC6515
Número de documento/Ítem W4.38 1987
100 1# - ASIENTO PRINCIPAL--NOMBRE PERSONAL
Nombre de persona Weidenmann, Bernd.
245 10 - MENCIÓN DE TÍTULO
Título Entrenese a discutir :
Resto del título convencer en vez de arengar, razonar en vez de atacar /
Mención de responsabilidad, etc. Bernd Weidenmann.
250 ## - MENCIÓN DE EDICIÓN
Mención de edición 3a ed.
260 ## - PUBLICACIÓN, DISTRIBUCIÓN, ETC.
Lugar de publicación, distribución, etc. Bilbao, Esp. :
Nombre del editor, distribuidor, etc. Mensajero,
Fecha de publicación, distribución, etc. 1987
300 ## - DESCRIPCIÓN FÍSICA
Extensión 117 p. :
Otras características físicas il.
500 ## - NOTA GENERAL
Nota general Traducción de: Diskussions training.
650 #4 - ASIENTO SECUNDARIO DE MATERIA - TERMINO TEMATICO
Término de materia o nombre geográfico como elemento de entrada DISCUSION
9 (RLIN) 14170
650 #7 - ASIENTO SECUNDARIO DE MATERIA - TERMINO TEMATICO
Término de materia o nombre geográfico como elemento de entrada Hablar en público
Fuente del encabezamiento o término
9 (RLIN) 173
901 ## - ELEMENTOS DE DATOS A LOCAL LDA (RLIN)
a 164911/164912/164913
902 ## - ELEMENTOS DE DATOS B LOCAL, LDB (RLIN)
Creó MITM/pgv
905 ## - TIPO DE MATERIAL
Tipo de material Libro
Holdings
Estado de retiro Estado de pérdida Fuente del sistema de clasificación o colocación Estado dañado No para préstamo Código de colección Localización permanente Ubicación/localización actual Ubicación en estantería Enumeración/cronología de publicación seriada Total de préstamos Clasificación Código de barras Fecha visto por última vez Número de copia Tipo de ítem Koha
    Library of Congress Classification     Colección General Bib. Gregorio Torres Quintero Bib. Gregorio Torres Quintero Planta baja ej.3 4 LC6515 W4.38 1987 164913 31/12/2020 1 Libro
    Library of Congress Classification     Colección General Bib. Gregorio Torres Quintero Bib. Gregorio Torres Quintero Planta baja ej.2 5 LC6515 W4.38 1987 164912 31/12/2020 1 Libro
    Library of Congress Classification     Colección General Bib. Gregorio Torres Quintero Bib. Gregorio Torres Quintero Planta baja   6 LC6515 W4.38 1987 164911 31/12/2020 1 Libro